000
00312nam a22001217a 4500
082
_a
954.9045 IND'O
100
_a
GOVT OF PAKISTAN
_9
11105
245
_a
INDO PAKISTAN WAR A FLASH BACK
260
_a
RAWALPINDI
_b
GOVERNMENT OF PAKISTAN
_c
1966
300
_a
99P
650
_a
INDO PAKISTAN WAR
_9
56837
942
_c
BK
999
_c
567175
_d
567175